Prover`te, najdite...

Vyučovanie cudzích jazykov a príprava budúcich odborníkov na Ekonomickej univerzite v Bratislave. Práca s textom, preklady. Slovníky ruského jazyka. Slovník na internete.

Gespeichert in:
Bibliographische Detailangaben
1. Verfasser: Rechtoríková, Gabriela
Format: Buchkapitel
Sprache:Russisch
Schlagworte:
Tags: Tag hinzufügen
Keine Tags, Fügen Sie das erste Tag hinzu!

MARC

LEADER 00000naa$a2200000$$$4500
001 0185749
005 20240502083438.4
041 0 |a rus 
044 |a RU 
245 1 0 |a Prover`te, najdite...  |c Gabriela Rechtoríková 
520 |a Vyučovanie cudzích jazykov a príprava budúcich odborníkov na Ekonomickej univerzite v Bratislave. Práca s textom, preklady. Slovníky ruského jazyka. Slovník na internete. 
610 2 0 |a jazyky cudzie 
610 2 0 |a ruština 
610 2 0 |a slovenčina 
610 2 0 |a preklady 
610 2 0 |a slovníky 
610 2 0 |a komunikácia 
610 2 0 |a vzdelávanie 
100 1 |a Rechtoríková, Gabriela